000 00631nam a22002297a 4500
003 UA-OsUOA
001 96020
007 ta
008 20130313b un ||||| |||| 00| 0 ukr d
100 _aКрон А.
090 _a821.161.1
_bК83
942 _cBK
040 _aUA-OsUOA
_brus
_cUA-OsUOA
_dUA-OsUOA
245 _aКапитан дальнего плавания
_bповесть о друге
300 _a277 с.
955 _a3
041 _arus
080 _a821.161.1
260 _aК.
_bПолитиздат
_c1989
650 7 _a82 Література. Літературознавство
_2UDC
999 _c382265
_d382265